| 000 | 00389nam a22001697a 4500 | ||
|---|---|---|---|
| 003 | SGT | ||
| 020 | _a9789389188837 | ||
| 082 |
_a617.63 _bB20G |
||
| 100 | _aGhom, Anil Govindrao | ||
| 245 | _aBasic Oral radiology | ||
| 250 | _a2nd | ||
| 260 |
_aNew Delhi, India _bJaypee Brothers _c2020 |
||
| 300 | _a208 | ||
| 650 | _aOral radiology | ||
| 653 | _aOral radiology | ||
| 942 |
_2ddc _cBK _01 |
||
| 999 |
_c22810 _d22810 |
||